000 00405nam a2200157Ia 4500
008 240729s9999 xx 000 0 und d
022 _a2054-2690
245 0 _aWomen's Midlife Health
260 _aUnited Kingdom
260 _bBMC
650 _a Gynecology and obstetrics
650 _aMedicine
856 _uhttps://doaj.org/toc/f82cc7b755494efbb72fa103308f499f
942 _2ddc
942 _cDOAJEJ
999 _c71450
_d71450
945 _a1
_bMadushi Gamage
_c1
_dMadushi Gamage